000 01162cad a22002535a 4500
001 L152905
008 110513e20110513xxkd f s 000 0 eng d
035 _a(Sirsi) u152905
041 0 _aeng
050 0 4 _a333.33 $2 18
110 2 _aRoyal Institution of Chartered Surveyors
_bEconomics
_95033
245 0 0 _aRICS global real estate weekly
_b13 May 2011
_h[electronic resource]
260 _aLondon
_bRICS
_c2011
490 0 _aRICS Global Real Estate Weekly
_v13 May 2011
520 _aGerman economy is strong but risks shifting to downside. Russian real estate sector to continue to perform strongly despite interest rate hikes. Brazil property sector continues to soar. Australian borrowers feeling the pinch.
590 _aKA
650 2 4 _aRICS GLOBAL REAL ESTATE WEEKLY
651 4 _aInternational
690 _aPROPERTY-PROPERTY FINANCE AND INVESTMENT
690 _aPROPERTY-RESIDENTIAL PROPERTY-RESIDENTIAL PROPERTY MARKET
690 _aPROPERTY-COMMERCIAL PROPERTY-COMMERCIAL PROPERTY MARKET
856 4 0 _uhttps://www.rics.org/site/download_feed.aspx?fileID=9555&fileExtension=PDF
_zView the report free of charge at www.rics.org
942 _n0
999 _c112255
_d112255